000 00722nam a2200193 i 4500
001 59943
003 ES-MaACL
005 20230906164127.0
007 t|
008 031031s1960 sp ||||1| spa d
100 1 _aEscalas y Chameni, Félix.
_947477
245 1 3 _aEl torbellino económico universal /
_cdiscurso leido por Félix Escalas Chameni.
260 _aBarcelona :
_b[s.n.,
_c1960] (
_fImp. Clarasó)
300 _a24 p. ;
_c25 cm.
490 1 _aPublicaciones de la Real Academia de Ciencias Económicas y Financieras de Barcelona
830 0 _aPublicaciones de la Real Academia de Ciencias Económicas y Financieras de Barcelona
_9182691
852 _aES-MaACL
_j2027-F-21
_bR.47850
999 _c59943
_d59943